Nursing calculations / (رقم التسجيلة. 77258)
[ عرض عادي ]
| 000 -الفاتح | |
|---|---|
| حقل البيانات ثابتة الطول | 01469cam a2200325 i 4500 |
| 001 - رقم الضبط | |
| رقم الضبط | 19671237 |
| 003 - محدد رقم الضبط | |
| رقم الضبط | OSt |
| 005 - وقت وتاريخ اخر تعامل مع التسجيلة | |
| رقم الضبط | 20190822085624.0 |
| 008 - عناصر البيانات ثابتة الطول - معلومات عامة | |
| حقل البيانات ثابتة الطول | 170531s2016 stka 001 0 eng |
| 010 ## - رقم ضبط مكتبة الكونجرس | |
| رقم ضبط مكتبة الكونجرس | 2016499836 |
| 020 ## - الرقم الدولى المعيارى للكتب | |
| الرقم الدولى المعيارى للكتاب | 9780702062315 |
| 020 ## - الرقم الدولى المعيارى للكتب | |
| الرقم الدولى المعيارى للكتاب | 0702062316 |
| 040 ## - مصدر الفهرسة | |
| وكالة الفهرسة الأصلية | DLC |
| لغة الفهرسة | eng |
| قواعد الوصف | rda |
| وكالة النسخ | DLC |
| وكالة التعديل | DLC |
| 042 ## - رمز التحقق | |
| رمز التحقق | pcc |
| 050 00 - رقم طلب مكتبة الكونجرس | |
| رقم التصنيف | RS57 |
| رقم المادة | .G38 2016 |
| 082 00 - رقم تصنيف ديوى العشرى | |
| رقم التصنيف | 615.1401513 |
| رقم الطبعة | 23 |
| رقم المادة | GJN |
| 100 1# - المدخل الرئيسى - إسم شخصى | |
| الإسم الشخصى | Gatford, J. D., |
| الدور | author. |
| 9 (RLIN) | 74822 |
| 245 10 - بيان العنوان | |
| العنوان | Nursing calculations / |
| بيان المسئوليه,etc | J.D. Gatford, Mathematics Tutor, Melbourne, Australia, N.M. Phillips, DipAppSc(Nsg), BN GDipAdvNsg (Educ), MNS, PhD, Associate Professor, Director of Undergraduate Studies, School of Nursing and Midwifery, Deakin University, Victoria, Australia. |
| 250 ## - بيان الطبعة | |
| بيان الطبعة | Ninth edition. |
| 260 ## - PUBLICATION, DISTRIBUTION, ETC. (IMPRINT) | |
| مكان الناشر او الموزع | Edinburgh ; |
| -- | New York : |
| اسم الناشر او الموزع | Elsevier, |
| تاريخ النشر أو التوزيع | [2016] |
| 300 ## - الوصف المادى | |
| التعداد | x, 174 pages : |
| تفاصيل ماديه اخرى للوعاء | illustrations ; |
| أبعاد الوعاء | 19 cm + |
| المادة المصاحبة | dosage formulas card (in back cover pocket) |
| 500 ## - تبصرة عامة | |
| تبصرة عامة | Includes index. |
| 505 0# - تبصرة محتويات-الفهرس | |
| تبصرة المحتويات المصاغة | A review of relevant calculations -- Dosages of oral medications -- Dosages of medications for injection -- Intravenous infusion -- Paediatric dosages -- Revision of nursing calculations -- Answers. |
| 650 #0 - المدخل الاضافى بالموضوع-مصطلح موضوعى | |
| مصطلح موضوعي أو اسم جغرافي كعنصر مدخل | Pharmaceutical arithmetic. |
| 9 (RLIN) | 74823 |
| 650 #0 - المدخل الاضافى بالموضوع-مصطلح موضوعى | |
| مصطلح موضوعي أو اسم جغرافي كعنصر مدخل | Nursing |
| التقسيم الفرعي العام | Mathematics. |
| 9 (RLIN) | 74824 |
| 700 1# - المدخل الاضافى - اسم شخصى | |
| الإسم الشخصى | Phillips, N. |
| الشكل الأكمل للاسم | (Nicole), |
| الدور | author. |
| 9 (RLIN) | 74825 |
| 906 ## - عنصر بيانات محلى F, LDF (RLIN) | |
| a | 7 |
| b | cbc |
| c | origcop |
| d | 2 |
| e | ncip |
| f | 20 |
| g | y-gencatlg |
| 942 ## - عناصر المدخل الإضافي( كوها) | |
| مصدر التصنيف او مخطط الترفيف | Dewey Decimal Classification |
| Koha [default] item type | كتاب |
| حالة الفقد | نموذج السعر الفعال | حالة تلف | ليس للاعارة | رقم الطلب | تاريخ الاكتساب | الموقع الحالي | الباركود | الفرع الرئيسي | Date last seen | نوع المادة فى نظام كوها | مصدر التصنيف او خطة الترفيف | Total Checkouts | Date last checked out |
|---|---|---|---|---|---|---|---|---|---|---|---|---|---|
| 2019-08-22 | 615.1401513 GJN | 2019-08-22 | المكتبة المركزية بالمجمعة (CL) | 00157906 | المكتبة المركزية بالمجمعة (CL) | 2019-08-22 | كتاب | Dewey Decimal Classification | |||||
| 2019-08-22 | 615.1401513 GJN | 2019-08-22 | المكتبة المركزية بالمجمعة (CL) | 00157907 | المكتبة المركزية بالمجمعة (CL) | 2019-08-22 | كتاب | Dewey Decimal Classification | |||||
| 2019-08-22 | 615.1401513 GJN | 2019-08-22 | المكتبة المركزية بالمجمعة (CL) | 00157908 | المكتبة المركزية بالمجمعة (CL) | 2019-08-22 | كتاب | Dewey Decimal Classification | |||||
| 2019-08-22 | 615.1401513 GJN | 2019-08-22 | مكتبة كلية العلوم الطبية التطبيقية بالمجمعة - طالبات (AMF) | 00157909 | مكتبة كلية العلوم الطبية التطبيقية بالمجمعة - طالبات (AMF) | 2024-09-01 | كتاب | Dewey Decimal Classification | 1 | 2023-09-04 | |||
| 2019-08-22 | 615.1401513 GJN | 2019-08-22 | مكتبة كلية العلوم الطبية التطبيقية بالمجمعة - طالبات (AMF) | 00157910 | مكتبة كلية العلوم الطبية التطبيقية بالمجمعة - طالبات (AMF) | 2019-08-22 | كتاب | Dewey Decimal Classification |
